000 00297nam a22001337a 4500
008 181011b xxu||||| |||| 00| 0 eng d
020 _a021898836199
041 _aeng
080 _a820
100 _a21
101 _aGJL
245 _aGuide to English Literature
_cDavies,M.W
942 _2udc
_cBK
999 _c49391
_d49391